000 00555nam a2200229Ia 4500
003 OSt
005 20250405120918.0
008 210210b2016 xxu||||| |||| 00| 0 eng d
020 _a8171418287
040 _cAL
041 _aeng
082 _a613.2 NARF
100 _aNARASAIAH (M Lakshmi)
_9207607
245 _aFood and health
260 _aNew Delhi
_bDiscovery Publishing House Pvt. Ltd.
_c2016
300 _ax,116
650 _ahealth
_9207608
650 _aFood
_9207609
690 _aHealth
_9207610
906 _a072012
942 _2ddc
_cBK
999 _c121868
_d121868